Por seleções Campeonato Europeu de Futebol - Statistics

Estatísticas Gerais
  • Esse quiz foi jogado 145 vezes
  • A pontuação média é 13 de 17
Estatísticas das Respostas
Ouro Prata Marrom País % Correto
3 3 3 Alemanha
98%
4 1 1 Espanha
97%
2 2 1 Itália
96%
2 1 2 França
95%
1 1 3 Portugal
94%
0 2 2 Inglaterra
93%
1 3 1 Rússia
87%
1 0 5 Países Baixos
83%
0 1 1 Bélgica
76%
1 0 2 Dinamarca
75%
0 0 1 Suécia
75%
1 0 0 Grécia
72%
0 0 1 Hungria
69%
0 2 0 Sérvia
59%
0 0 1 Turquia
51%
0 0 1 País de Gales
42%
1 1 3 Tchéquia
20%
Nenhum quiz correspondente encontrado
Distribuição das Pontuações
Porcentagem de Pessoas com Cada Pontuação
Percentil de Números Respondidos
Sua Pontuação Histórica
Você não jogou esse quiz